Ley 7600 De igualdad de oportunidades para las personas con discapacidad
| Autor Corporativo: | |
|---|---|
| Formato: | Libro |
| Lenguaje: | español |
| Publicado: |
[Lugar de publicación no identificado] :
CNREE,
2012
|
| Materias: |
MARC
| LEADER | 00000nam a22000007a 4500 | ||
|---|---|---|---|
| 008 | 160128b2012 cr ||||| |||| 00| | spa d | ||
| 999 | |c 3051 |d 3051 | ||
| 090 | |a 04.01.01 |b 1289 | ||
| 110 | 1 | |9 1370 |a Costa Rica. Leyes, Decretos, etc. | |
| 245 | 1 | 0 | |a Ley 7600 De igualdad de oportunidades para las personas con discapacidad |
| 260 | |a [Lugar de publicación no identificado] : |b CNREE, |c 2012 | ||
| 300 | |a 53 páginas | ||
| 650 | 1 | 4 | |9 45 |a LEGISLACIÓN |
| 650 | 1 | 4 | |9 952 |a IGUALDAD DE OPORTUNIDADES |
| 650 | 1 | 4 | |9 477 |a DISCAPACIDAD |
| 942 | |i 004088 |h 04.01.01 1289 |2 z |c 01 | ||
